Sikshar samajtattvik vitti (Record no. 6238)

MARC details
000 -LEADER
fixed length control field 00542cam a2200217ua 4500
001 - CONTROL NUMBER
control field 7117
005 - DATE AND TIME OF LATEST TRANSACTION
control field 20260515114145.0
008 - FIXED-LENGTH DATA ELEMENTS--GENERAL INFORMATION
fixed length control field 141126n ii |||gr||||Z||||||asm
020 ## - INTERNATIONAL STANDARD BOOK NUMBER
International Standard Book Number 9789381689196
040 ## - CATALOGING SOURCE
Transcribing agency MAIN
041 ## - LANGUAGE CODE
Language code of text/sound track or separate title asm
082 ## - DEWEY DECIMAL CLASSIFICATION NUMBER
Classification number 370
100 ## - MAIN ENTRY--PERSONAL NAME
Personal name Sonowal, Puranjoy,
Relator term Author.
245 ## - TITLE STATEMENT
Title Sikshar samajtattvik vitti
Statement of responsibility, etc. By Puranjoy Sonowal
250 ## - EDITION STATEMENT
Edition statement 1st.
260 ## - PUBLICATION, DISTRIBUTION, ETC.
Place of publication, distribution, etc. Lakhimpur:
Name of publisher, distributor, etc. Dutta prakashan,
Date of publication, distribution, etc. 2011.
300 ## - PHYSICAL DESCRIPTION
Extent 241p.
653 ## - INDEX TERM--UNCONTROLLED
Uncontrolled term Sociological education
700 ## - ADDED ENTRY--PERSONAL NAME
Personal name Neog, Mukunda,
Relator term Author.
942 ## - ADDED ENTRY ELEMENTS (KOHA)
Koha item type Books
Holdings
Withdrawn status Lost status Damaged status Not for loan Home library Current library Shelving location Date acquired Total checkouts Full call number Barcode Date last seen Date last checked out Copy number Price effective from Koha item type
        Naharkatiya College Library Naharkatiya College Library General stacks 09/19/2020 3 370 | SON 21938 10/29/2022 10/29/2022 3 09/19/2020 Books
        Naharkatiya College Library Naharkatiya College Library General stacks 09/19/2020 2 370 | SON 21939 09/19/2024 09/10/2024 4 09/19/2020 Books
        Naharkatiya College Library Naharkatiya College Library General stacks 09/19/2020   370 | SON 21940 09/19/2020   2 09/19/2020 Books
        Naharkatiya College Library Naharkatiya College Library General stacks 09/19/2020 5 370 | SON 21941 10/29/2022 10/28/2022 1 09/19/2020 Books